A reply to a pamphlet, entitled the Answer of the friend of the West, &c : With a prefatory address to the freemen of His Majesty's English colony of Connecticut. By A.Z.

Bibliographic Details
Main Author: Gale, Benjamin, 1715-1790
Corporate Author: Gale (Firm)
Other Authors: Clap, Thomas, 1703-1767, Green, Timothy, 1703-1763 (Printer)
Format: eBook
Language:English
Subjects:
Online Access:Connect to the full text of this electronic book

MARC

Tag First Indicator Second Indicator Subfields
LEADER 00000cam a2200000 4500
001 in00003880708
005 20190415193108.0
006 m o d
007 cr |n||||||||n
008 850430s1755 xxu|||| o 00| | eng c
035 |a (CU-RivES)W36297 
035 |a (Uk-ES)006462159 
035 |a (OCoLC)511248501 
040 |a MWA  |c MWA  |d CU-RivES  |d CStRLIN  |d Cengage Gale  |d UtOrBLW 
050 4 |a Z1215  |b .G354 1755 
100 1 |a Gale, Benjamin,  |d 1715-1790.  |0 http://id.loc.gov/authorities/names/n85028476 
245 1 2 |a A reply to a pamphlet, entitled the Answer of the friend of the West, &c :  |b With a prefatory address to the freemen of His Majesty's English colony of Connecticut. By A.Z. 
264 3 |a [New London, Conn.] :  |b Printed [by T. Green],  |c M,DCC,LV. [1755] 
300 |a 1 online resource (xx,[21]-63,[1] pages)  
336 |a text  |b txt  |2 rdacontent 
337 |a computer  |b c  |2 rdamedia 
338 |a online resource  |b cr  |2 rdacarrier 
500 |a Attributed to Gale by Johnson. 
500 |a Ascribed to the press of Timothy Green by Johnson. 
509 |a Signatures: A-H⁴ 
510 4 |a Evans,  |c 7424 
510 4 |a Trumbull, J.H. Connecticut,  |c 741 
510 4 |a Johnson, H.A. New London,  |c 634 
510 4 |a Sabin,  |c 26354 
510 4 |a English Short Title Catalog,  |c W36297. 
500 |a Reproduction of original from Library of Congress. 
500 |a Electronic resource. 
610 2 0 |a Yale College (1718-1887)  |0 http://id.loc.gov/authorities/names/n84089402 
651 0 |a Connecticut  |x Politics and government  |y To 1775.  |0 http://id.loc.gov/authorities/subjects/sh85031169 
655 7 |a Electronic books.  |2 local 
700 1 |a Clap, Thomas,  |d 1703-1767.  |t Answer of the friend in the west. 
700 1 |a Green, Timothy,  |d 1703-1763,  |e printer.  |0 http://id.loc.gov/authorities/names/n88144010 
710 2 |a Gale (Firm)  |0 http://id.loc.gov/authorities/names/no2008071348 
752 |a United States  |b Connecticut  |d New London. 
856 4 0 |u http://proxy.library.tamu.edu/login?url=http://find.galegroup.com/ecco/infomark.do?contentSet=ECCOArticles&docType=ECCOArticles&bookId=1461801800&type=getFullCitation&tabID=T001&prodId=ECCO&docLevel=TEXT_GRAPHICS&version=1.0&source=library&userGroupName=txshracd2898  |z Connect to the full text of this electronic book  |t 0 
999 f f |s 6e4630d5-da00-3d44-bc95-f13bb6cab8f8  |i 0327dadc-a2b4-344c-9862-7cda2bb7e98f  |t 0 
952 f f |a Texas A&M University  |b College Station  |c Electronic Resources  |d Available Online  |t 0  |e Z1215 .G354 1755  |h Library of Congress classification 
998 f f |a Z1215 .G354 1755  |t 0  |l Available Online